| 000 | 00426nam a2200181Ia 4500 | ||
|---|---|---|---|
| 003 | OSt | ||
| 005 | 20230524151620.0 | ||
| 008 | 210423s2002 xx 000 0 und d | ||
| 040 | _cAL | ||
| 041 | _aeng | ||
| 082 |
_a658.3 _223 _bRAOM |
||
| 100 |
_aRAO (V S P). _9112715 |
||
| 245 | _aManaging people. | ||
| 260 |
_aNew Delhi _bExcel Books _c2002 |
||
| 365 |
_b340 _cINR |
||
| 906 | _aManaging ; people. | ||
| 942 |
_2ddc _cBK |
||
| 999 |
_c172899 _d172899 |
||